Fundamentos de lgebra lineal y aplicaciones / Francis G. Florey (Registro nro. 21101)
[ vista simple ]
| 000 -LÍDER | |
|---|---|
| fixed length control field | 00397nam a2200133 4500 |
| 008 - ELEMENTOS DE LONGITUD FIJA -- INFORMACIÓN GENERAL | |
| fixed length control field | 0 1980 0a 000 0COL |
| 020 ## - NÚMERO INTERNACIONAL NORMALIZADO PARA LIBROS | |
| ISBN | 0-13-344960-2 |
| 082 ## - NUMERO DE CLASIFICACION DECIMAL DEWEY | |
| Número de Clasificación | 512.5 F623f |
| 100 ## - ASIENTO PRINCIPAL--NOMBRE PERSONAL | |
| Nombre personal | Florey, Francis G. |
| 245 ## - TÍTULO | |
| Título | Fundamentos de lgebra lineal y aplicaciones / Francis G. Florey |
| 260 ## - PUBLICACIÓN, DISTRIBUCIÓN, ETC. (PIE DE IMPRENTA) | |
| Lugar de publicación, distribución, etc. | Colombia : Prentice- Hall |
| 300 ## - DESCRIPCIÓN FÍSICA | |
| Extensión | 366 p. / 24 cm. |
| 650 ## - ASIENTO SECUNDARIO DE MATERIA - TERMINO TEMÁTICO | |
| Término temático o nombre geográfico como elemento de entrada | 1. ALGEBRA LINEAL |
| No. biblioteca | No. biblioteca | Número de clasificación | Código de barras/Número de adquisición | Número de copia | Tipo de material |
|---|---|---|---|---|---|
| LUIS G. INCLAN | LUIS G. INCLAN | 512.5 F623f | 2511 | 1 | Libros |
| LUIS G. INCLAN | LUIS G. INCLAN | 512.5 F623f | 18721 | 9 | Libros |
| LUIS G. INCLAN | LUIS G. INCLAN | 512.5 F623f | 18720 | 7 | Libros |
